| 000 | 00639cam a2200205 a 4500 | ||
|---|---|---|---|
| 001 | 000015373 | ||
| 005 | 20260119094801.0 | ||
| 008 | 831213s1971 sp 000 0 spa | ||
| 040 |
_aDO-SdBNP _cCarP _dDLC |
||
| 082 |
_a150.1 _bL168m |
||
| 100 | 1 |
_aLafourcade, Agustín. _933081 |
|
| 245 | 1 | 0 |
_aMás allá en el amor : _b(psicología fundamental) / _cAgustín Lafourcade. |
| 260 |
_aMadrid : _bAzaral, _c1971. |
||
| 300 |
_a201 p. : ; _c21 cm. |
||
| 590 | _aLa biblioteca poee un ejemplar autobiografiado por el autor. | ||
| 650 | 0 |
_aPsicología _9152 |
|
| 650 | 0 |
_aAmor _91688 |
|
| 910 | _aCatalogación por copia / LC | ||
| 049 | _aBNGR | ||
| 999 |
_c14935 _d14935 |
||